000 00926nam a22002057a 4500
003 OSt
005 20161117165602.0
008 150408b xxu||||| |||| 00| 0 eng d
040 _cBMC
082 _a658
100 1 _940326
_aPacheco Chinchilla, Katherine Celene
245 1 0 _aPlan de mercadeo en microempresa "Hot dog chilis cheese"
_b; informe final de proyecto
_cKatherine Celene Pacheco Chinchilla
260 _aSanta Ana (El Salvador)
_bUniversidad Católica de El Salvador
_c2016
300 _a57 + 7 h.
_c28 cm
_e+ 1 disco compacto
500 _aPrecede al tít.: Universidad Católica de El Salvador, Facultad de Ciencias Empresariales
502 _aTrabajo de graduación para optar al grado académico de Licenciatura en Mercadeo y Negocios Internacionales
650 2 4 _98652
_aGestión de marketing
710 2 _91067
_aUniversidad Católica de El Salvador
_bFacultad de Ciencias Empresariales
942 _2ddc
_cTG
999 _c26534
_d26534